000 00667nam a2200217 a 4500
001 BRCA_6876
005 20190320205627.0
008 111111s1923----gw-ab#####---#000-0#ger-#
041 _ager
044 _agw
050 4 _aDS486 E8
_b.H43
245 1 0 _aMount Everest
_bMount Everest : mit 8 Künstlersteinzeichnungen von Georg Baus, einer Austiegskizze, 9 karten und 3 profilen
_cSven Hedin
260 _aLeipzig, Alemania
_bF. A. Brockhaus
_c1923
300 _a194 p.
_bil., mapas
_c20 cm.
500 _aO68
650 1 4 _aEverest, Monte
_xExpediciones
_917130
650 1 4 _aAlpinismo
_916779
700 1 _aBaus, Georg
_eil.
_917131
902 _aGFM
942 _2lcc
_cB
999 _c6558
_d6558